The Complete guide to becoming an English teacher / (Record no. 11415)
[ view plain ]
| 000 -LEADER | |
|---|---|
| fixed length control field | 00849cam a22002412 4500 |
| 001 - CONTROL NUMBER | |
| control field | 0000021215 |
| 005 - DATE AND TIME OF LATEST TRANSACTION | |
| control field | 20151217154453.0 |
| 008 - FIXED-LENGTH DATA ELEMENTS--GENERAL INFORMATION | |
| fixed length control field | 120207s xx 000 0 eng d |
| 020 ## - INTERNATIONAL STANDARD BOOK NUMBER | |
| International Standard Book Number | 1847872890 : |
| 040 ## - CATALOGING SOURCE | |
| Original cataloging agency | KABU |
| Transcribing agency | KABU |
| 245 14 - TITLE STATEMENT | |
| Title | The Complete guide to becoming an English teacher / |
| Statement of responsibility, etc. | edited byStephen Clarke, Paul Dickinson & Jo Westbrook. |
| 250 ## - EDITION STATEMENT | |
| Edition statement | 2nd ed. |
| 260 ## - PUBLICATION, DISTRIBUTION, ETC. (IMPRINT) | |
| Place of publication, distribution, etc. | London : |
| Name of publisher, distributor, etc. | Sage, |
| Date of publication, distribution, etc. | 2010. |
| 300 ## - PHYSICAL DESCRIPTION | |
| Extent | xx, 378 p. |
| 650 #0 - SUBJECT ADDED ENTRY--TOPICAL TERM | |
| Topical term or geographic name as entry element | English language |
| General subdivision | Study and teaching (Secondary) |
| Geographic subdivision | Great Britain. |
| -- | 0000181975 |
| 650 #0 - SUBJECT ADDED ENTRY--TOPICAL TERM | |
| Topical term or geographic name as entry element | English teachers |
| General subdivision | Training of. |
| Geographic subdivision | Great Britain. |
| -- | 0000181976 |
| 700 1# - ADDED ENTRY--PERSONAL NAME | |
| Personal name | Dickinson, Paul. |
| -- | 0000181977 |
| 700 1# - ADDED ENTRY--PERSONAL NAME | |
| Personal name | Westbrook, Jo. |
| -- | 0000181978 |
| 700 1# - ADDED ENTRY--PERSONAL NAME | |
| Personal name | Clarke, Stephen. |
| -- | 0000181979 |
| 852 1# - LOCATION | |
| -- | p4990.40 KES |
| 908 ## - PUT COMMAND PARAMETER (RLIN) | |
| Put command parameter | 120207 |
| 950 ## - LOCAL HOLDINGS (RLIN) | |
| -- | 1 |
| Withdrawn status | Lost status | Source of classification or shelving scheme | Not for loan | Home library | Current library | Date acquired | Total Checkouts | Full call number | Barcode | Date last seen | Date last checked out | Price effective from | Koha item type |
|---|---|---|---|---|---|---|---|---|---|---|---|---|---|
| Library of Congress Classification | Kabarak, Main Campus | Kabarak, Main Campus | 17/12/2015 | 1 | LB1631 .C66 2010 c. 1 | 20599 | 09/05/2018 | 20/04/2018 | 17/12/2015 | General Collection |